000 00356nam a2200133Ia 4500
005 20260328101521.0
008 260328s9999||||xx |||||||||||||| ||und||
100 _aSteffens, Jo
245 0 _aUnpacking my library :
_b Architects and their Books /
_cJo Steffens
260 _bYale University Press
300 _a182 p.
650 _aARQUITECTURA
942 _cBK
999 _c9595
_d9595